000 01074nam a2200277 i 4500
001 8191
003 ES-MaACL
005 20250827062554.0
007 t|
008 920303r19891987sp ||||1| spa d
020 _a84-309-1504-4
080 _a35(46).08(094.5)
110 1 _aEspaña
_93622
240 1 0 _aLey de órganos de representación de los funcionarios públicos, 1987
245 1 0 _aFuncionarios públicos
_b: órganos de representación, determinación de las condiciones de trabajo y participación /
_cedición preparada por José Luis Piñar Mañas y Miguel Beltran de Felipe.
250 _a[1ª ed., reimp.].
260 _aMadrid :
_bTecnos,
_c1987 (
_g1989 reimp.)
300 _a101 p. ;
_c17 cm.
490 1 _aBiblioteca de textos legales ;
_v87
650 1 4 _aSindicatos de funcionarios-
_zEspaña-
_vLegislación.
_917127
700 1 _aPiñar Mañas, José Luis.
_992253
700 1 _aBeltrán de Felipe, Miguel.
_927356
830 0 _aBiblioteca de textos legales ;
_v87
_9177271
852 _aES-MaACL
_jL-15398
_bR.119969
999 _c8191
_d8191